Greatest MLB Baseball Players by Franchise - Statistics

General Stats
  • This quiz has been taken 146 times
  • The average score is 76 of 150
Answer Stats
WAR Retired Player Position % Correct
142.5 1976 Hank Aaron OF/1B
86%
143.2 1935 Babe Ruth OF/P
85%
25.7 2013 Josh Johnson P
82%
39.0 | 50.9 2009 Randy Johnson P
82%
164.9 1927 Walter Johnson P
82%
71.3 2014 Derek Jeter SS
81%
78.5 1977 Brooks Robinson 3B
80%
63.7 1976 Frank Robinson OF/1B
80%
61.7 1956 Jackie Robinson 2B/3B/1B
80%
95.9 2001 Cal Ripken Jr. SS/3B
79%
110.2 1968 Mickey Mantle OF/1B
78%
67.7 1971 Ernie Banks 1B/SS
77%
79.2 1951 Joe DiMaggio OF
77%
113.6 1939 Lou Gehrig 1B
77%
88.6 1993 George Brett 3B/1B
76%
122.0 1960 Ted Williams OF
76%
112.5 2007 Barry Bonds OF
75%
61.7 1976 Billy Williams OF/1B
75%
68.4 2004 Edgar Martinez DH/3B
75%
35.7 Active Giancarlo Stanton OF
74%
106.8 1989 Mike Schmidt 3B/1B
74%
73.3 Active Clayton Kershaw P
73%
120.1 1917 Honus Wagner SS/OF/1B
73%
70.6 2010 Ken Griffey Jr. OF
73%
78.7 Active Mike Trout OF
73%
86.5 Active Albert Pujols 1B/OF/3B
71%
68.3 2008 Frank Thomas DH/1B
71%
94.8 1972 Roberto Clemente OF
71%
50.0 2011 Iván Rodríguez C
70%
65.9 1996 Ozzie Smith SS
70%
78.1 1986 Pete Rose OF/1B/3B
70%
128.6 1963 Stan Musial OF/1B
70%
75.1 1983 Johnny Bench C/3B/1B
69%
78.8 1986 Tom Seaver P
69%
154.5 1973 Willie Mays OF
69%
69.2 2001 Tony Gwynn OF
68%
60.4 1975 Harmon Killebrew 1B/3B/OF
67%
40.2 Active Max Scherzer P
67%
145.0 1928 Ty Cobb OF
67%
89.2 1975 Bob Gibson P
66%
72.7 2003 Rickey Henderson OF
66%
77.4 1993 Robin Yount SS/OF
66%
63.7 Active Joey Votto 1B
65%
57.5 1982 Willie Stargell OF/1B
65%
55.2 2018 Joe Mauer C/1B
64%
40.2 1993 Nolan Ryan P
64%
68.1 1997 Ryne Sandberg 2B/3B
64%
48.0 2013 Roy Halladay P
63%
65.5 2007 Craig Biggio 2B/C/OF
62%
51.2 Active Evan Longoria 3B
62%
79.9 2005 Jeff Bagwell 1B
62%
61.8 2013 Todd Helton 1B
62%
71.9 1999 Wade Boggs 3B
62%
92.9 1974 Al Kaline OF/1B
60%
96.5 1983 Carl Yastrzemski OF/1B
60%
66.7 1911 Cy Young P
60%
56.4 2019 Ichiro Suzuki OF
60%
68.5 1984 Jim Palmer P
60%
70.5 2004 Barry Larkin SS
59%
49.2 2018 David Wright 3B
59%
94.1 1968 Eddie Mathews 3B/1B
59%
49.7 2019 Félix Hernández P
59%
42.4 Active Jacob deGrom P
59%
39.9 Active Paul Goldschmidt 1B
59%
62.0 2018 Chase Utley 2B
57%
63.8 1985 Rod Carew 1B/2B
57%
80.8 2007 Roger Clemens P
57%
47.1 2020 Ryan Braun OF/3B
57%
99.3 1965 Warren Spahn P
57%
41.1 2018 Adrián Beltré 3B
56%
48.3 2005 Larry Walker OF/1B
56%
68.4 1958 Pee Wee Reese SS/3B
56%
91.8 1937 Rogers Hornsby 2B/SS/3B
56%
69.4 1988 Steve Carlton P
56%
30.0 2008 Luis Gonzalez OF
55%
55.8 1992 Gary Carter C/OF
54%
72.1 1974 Ron Santo 3B
52%
56.6 1997 Eddie Murray 1B
51%
38.3 2018 José Bautista OF/3B
51%
79.6 1916 Nap Lajoie 2B/1B
51%
40.1 Active Nolan Arenado 3B
51%
59.9 1998 Paul Molitor DH/3B/2B
51%
70.7 1996 Alan Trammell SS
49%
65.3 1964 Duke Snider OF
49%
61.2 1945 Jimmie Foxx 1B/3B/C
49%
106.7 1916 Christy Mathewson P
48%
39.5 2019 Troy Tulowitzki SS
48%
63.5 1956 Bob Feller P
47%
25.3 2007 Curt Schilling P
46%
46.4 2000 Dwight Gooden P
46%
88.5 1987 Phil Niekro P
46%
48.3 1996 Andre Dawson OF
45%
110.8 1947 Mel Ott OF/3B
45%
42.5 1994 Willie Wilson OF
45%
35.6 2016 Carl Crawford OF
44%
67.1 1969 Don Drysdale P
43%
40.7 2001 Bret Saberhagen P
42%
84.7 1897 Cap Anson 1B/3B/C
42%
21.2 Active David Price P
42%
26.8 Active Trevor Story SS/2B
42%
74.8 1928 Tris Speaker OF
42%
32.0 1995 Dave Winfield OF
41%
26.9 2019 Hanley Ramírez SS/1B/3B
41%
48.1 2013 Lance Berkman OF/1B
40%
56.8 1998 Dave Stieb P
38%
36.8 2009 Carlos Delgado 1B
37%
75.1 1995 Lou Whitaker 2B
37%
40.5 2006 Tim Salmon OF
36%
70.1 1945 Paul Waner OF
35%
49.1 2002 Tim Raines OF
35%
44.6 2005 Rafael Palmeiro 1B/OF
34%
71.9 1966 Robin Roberts P
34%
57.4 | 67.0 1930 Eddie Collins 2B
33%
64.8 1941 Lefty Grove P
33%
37.5 2001 Tony Fernández SS/3B/2B
33%
77.6 1950 Luke Appling SS/3B
32%
84.8 1942 Charlie Gehringer 2B
31%
61.2 1930 Pete Alexander P
31%
25.8 2010 Trevor Hoffman P
31%
30.7 1987 Cecil Cooper 1B
30%
31.1 2009 Brandon Webb P
27%
26.8 2016 Jake Peavy P
27%
36.3 1989 Buddy Bell 3B/OF
25%
20.8 2011 Dontrelle Willis P
25%
35.0 2019 Ian Kinsler 2B
25%
51.4 1988 José Cruz OF
25%
35.3 2019 Ben Zobrist 2B/OF/SS
23%
45.9 1978 Jim Fregosi SS/1B/3B
23%
54.7 1930 George Sisler 1B
21%
51.8 2002 Chuck Finley P
20%
77.2 1917 Eddie Plank P
20%
62.0 1952 Lou Boudreau SS
20%
53.9 1934 Sam Rice OF
20%
67.6 1948 Arky Vaughan SS/3B
19%
31,5 Active Kevin Kiermaier OF
16%
44.7 1985 Steve Rogers P
16%
70.6 1946 Ted Lyons P
16%
44.8 1984 Amos Otis OF
15%
36.9 1985 Jerry Koosman P
15%
47.0 2004 Kevin Appier P
15%
68.5 1943 Carl Hubbell P
14%
30.3 1994 Teddy Higuera P
14%
49.6 1986 César Cedeño OF/1B
13%
65.9 1917 Ed Walsh P
12%
22.4 2010 Luis Castillo 2B
12%
102.7 1906 Kid Nichols P
11%
22.6 2004 Andy Ashby P
3%
53.2 1928 Stan Coveleski P
2%
No matching quizzes found
Score Distribution
Percent of People with Each Score
Percentile by Number Answered
Your Score History
You have not taken this quiz